1032 1208 1067 1102 1270 1366 1146 1831 1983 1511 1387 1445 1608 1991 1001 1380 1624 1399 1442 1882 1646 1476 1510 1731 1001 1528 1203 1743 1107 1504 1682 1144 1471 1997 1045 1626 1126 1484 1409 1129 1456 1800 1630 1471 1275 1847 1858 1262 1534 1243 1137 1271 1972 1900 1970 1792 1686 1085 1134 1052 1531 1366 1890 1719 1886 1003 1831 1286 1030 1183 1214 1426 1567 1215 1068 1109 1167 1990 1103 1481 1671 1011 1760 1303 1483 1791 1461 1598 1729 1728 1081 1397 1313 1306 1095 1405 1271 1267 1715 BCNSPRNW ULIB Ver.6.0+V

เปลี่ยนเป็นภาษาไทย

Change to English
 แสดงรายละเอียดบรรณานุกรม
  กลับหน้าหลัก

Brief Record : Get Marc (ISO 2709) : E-mail record : QR code < ปิดหน้าต่าง
LEADER : 00000nam 2200000uu 4500
001    13399111385
003     ULIB
008    110623s||||||||th 000 0 tha d
020    9789741060986
050  4 BQ2551^bพ355ส 2552
100 0  พระไพศาล วิสาโล,^d2500-
245 10 สุขแท้ด้วยปัญญา วิถีสู่สุขภาวะทางปัญญา /^cพระไพศาล วิสาโล
250    พิมพ์ครั้งที่ 2
260    กรุงเทพฯ :^bเครือข่ายพุทธิกา,^c2552
300    72 หน้า :^bภาพประกอบสี ;^c21 ซม.
536    สนับสนุนโดยสำนักงานกองทุนสนับสนุนการสร้างเสริมสุขภาพ (สสส.)
650  7 ธรรมะ (พุทธศาสนา)
650  7 การปฏิบัติธรรม
650  7 ความสุข^xแง่ศาสนา^xพุทธศาสนา
650  7 การดำเนินชีวิต
710 2  สำนักงานกองทุนสนับสนุนการสร้างเสริมสุขภาพ
945    ^p0^l0^i026401
945    ^p0^l0^i026402
995    ทศพร
999 ^a ใช้งานได้ทุกระบบ
รายการนี้ยังไม่มีแท็ก
คุณยังไม่ได้ล็อกอิน คุณสามารถมีกิจกรรมร่วมกับเว็บไซต์ได้ แต่ต้องล็อกอินก่อน ::
  ล็อกอิน

รายการสื่อสารสนเทศ

ลำดับที่ ประเภท เลขเรียก/บาร์โค้ด สถานที่ สถานะ
- ไม่พบข้อมูล -

รายการใกล้เคียง
    หัวเรื่อง [ธรรมะ (พุทธศาสนา)]
    หัวเรื่อง [การปฏิบัติธรรม]
    หัวเรื่อง [การดำเนินชีวิต]

BibComment


ยังไม่เคยถูกคอมเมนท์

คอมเมนท์ทรัพยากรรายการนี้
  คอมเมนท์: สุขแท้ด้วยปัญญา ว..


 Copyright 2026. Bcnsprnw @Library